Diseño de la planeación estratégica del centro de investigaciones del níquel capitán Alberto Fernández Montes de Oca
Expone el diseño de la planeación estratégica de un centro de investigaciones.
محفوظ في:
| المؤلف الرئيسي: | |
|---|---|
| مؤلف مشترك: | |
| مؤلفون آخرون: | |
| التنسيق: | كتاب الكتروني |
| اللغة: | الإسبانية |
| منشور في: |
La Habana :
Instituto Superior Politécnico José Antonio Echeverría. CUJAE,
2010.
|
| الموضوعات: | |
| الوصول للمادة أونلاين: | https://elibro.unach.elogim.com/es/lc/unach/titulos/85847 |
| الوسوم: |
إضافة وسم
لا توجد وسوم, كن أول من يضع وسما على هذه التسجيلة!
|
MARC
| LEADER | 00000nam a2200000 a 4500 | ||
|---|---|---|---|
| 001 | ELB85847 | ||
| 003 | FlNmELB | ||
| 006 | m o d | | ||
| 007 | cr cn||||||||| | ||
| 008 | 201201r2010 cu |||||s|||||||||||spa d | ||
| 024 | 8 | |z 71208048110 | |
| 035 | |a (MiAaPQ)EBC3202653 | ||
| 035 | |a (Au-PeEL)EBL3202653 | ||
| 035 | |a (CaPaEBR)ebr10609629 | ||
| 035 | |a (OCoLC)929379113 | ||
| 040 | |a FlNmELB |b spa |c FlNmELB | ||
| 050 | 4 | |a HD31 |b R6961 2010 | |
| 080 | |a 330 | ||
| 082 | 0 | 4 | |a 330 |2 22 |
| 100 | 1 | |a Rodríguez Castillo, Ester. | |
| 245 | 1 | 0 | |a Diseño de la planeación estratégica del centro de investigaciones del níquel capitán Alberto Fernández Montes de Oca |h [recurso electronico] |c Ester Rodríguez Castillo. |
| 260 | |a La Habana : |b Instituto Superior Politécnico José Antonio Echeverría. CUJAE, |c 2010. | ||
| 300 | |a 140 p. | ||
| 500 | |a Tesis (maestría) - Instituto Superior Politécnico José Antonio Echeverría CUJAE. | ||
| 520 | |a Expone el diseño de la planeación estratégica de un centro de investigaciones. | ||
| 533 | |a Recurso electrónico. Santa Fe, Arg.: e-libro, 2015. Disponible vía World Wide Web. El acceso puede estar limitado para las bibliotecas afiliadas a e-libro. | ||
| 650 | 4 | |a Business and Economics. |x Management. | |
| 650 | 4 | |a Negocios y economía. |x Dirección. | |
| 655 | 4 | |a Libros electrónicos. | |
| 700 | 1 | |a Hernández Flores, Alberto. |4 drt | |
| 710 | 2 | |a e-libro, Corp. | |
| 856 | 4 | 0 | |u https://elibro.unach.elogim.com/es/lc/unach/titulos/85847 |